[Event "St Petersburg op"]
[Site "St Petersburg"]
[Date "1995.??.??"]
[Round "4"]
[White "Tseshkovsky, Vitaly"]
[Black "Rublevsky, Sergei"]
[Result "0-1"]
[WhiteElo "2530"]
[BlackElo "2585"]
[Annotator "Shipov,S"]
[PlyCount "82"]
[EventDate "1995.05.??"]
[EventType "swiss"]
[EventRounds "9"]
[EventCountry "RUS"]
[SourceTitle "CBM 046 Extra"]
[Source "ChessBase"]
[SourceDate "1995.07.01"]
[SourceVersion "1"]
[SourceVersionDate "1995.07.01"]
[SourceQuality "1"]

1. e4 c5 2. Nf3 e6 3. d4 cxd4 4. Nxd4 a6 5. Nc3 Qc7 6. g3 Nf6 7. Bg2 Be7 8. O-O
O-O 9. a4 Nc6 10. Nb3 d6 (10... b6 $5) 11. a5 Nd7 12. Ne2 {N/} (12. Be3 b5 13.
axb6 Nxb6 14. Nb5 $5 axb5 (14... Qb8 15. Bxb6 Qxb6 16. Nxd6 $16) 15. Bxb6 Qb8 (
15... Rxa1 16. Bxc7 Rxd1 17. Rxd1 $16) 16. Rxa8 Qxa8 17. Qe2 Qb7 $6 (17... Ne5
$32 $10) 18. Be3 Ne5 19. Ra1 $14 {Chiburdanidze,M-Olafsson,F/Vienna/1993/}) (
12. Qe2 Rb8 (12... b5 $5) 13. Kh1 b5 14. axb6 Nxb6 15. f4 Nb4 16. g4 Re8 17.
Ra5 $1 Qc4 18. Qf2 d5 19. e5 $14 {Giorgadze,G-Foisor,O/Tbilisi/1983/}) (12. Bf4
b5 (12... Nce5 13. Na4 Nc4 14. Qe1 Nxb2 $6 (14... b5 $1 $13) 15. Nxb2 Qxc2 16.
Qb4 Qxb2 17. Rab1 Qf6 18. Bxd6 Bxd6 19. Qxd6 $44 {Popovic,P-Grindic,Z/Vinkovci/
1982/}) 13. axb6 Nxb6 14. Qe2 Bf6 15. Rfd1 Ne5 16. Na5 Rb8 17. Ra2 Rd8 18. Bc1
Nec4 (18... Nbc4 $10) 19. Nc6 Bxc3 (19... Qxc6 20. e5 $16) 20. Nxb8 Qxb8 21.
bxc3 $14) 12... Nc5 $1 (12... b5 13. axb6 Nxb6 14. Bd2 $1 (14. Nbd4 Bb7 15. b3
Nxd4 16. Nxd4 d5 $1 $132) 14... Bb7 15. Na5 $14) 13. Nbd4 (13. Nxc5 dxc5 14.
Bd2 Rd8 $132) 13... Rd8 $1 (13... Nxa5 14. b4) 14. Bd2 $1 (14. Be3 Nxa5 15. b4
Nc4 16. bxc5 dxc5 $17) (14. Nxc6 bxc6 $1) (14. Qe1 $32 Bf6 15. Be3) 14... Bf6
15. Bc3 (15. Nxc6 bxc6 16. Bc3 Bxc3 17. Nxc3 Rb8 $15) 15... e5 $1 $15 16. Nxc6
(16. Nb3 Nxb3 17. cxb3 Be6 $17) (16. Nf5 d5 $17) 16... Qxc6 $1 17. Qd5 (17. f3
Be6 {/\d5-/+/}) 17... Qxd5 18. exd5 Bf5 19. Rfc1 Ne4 20. Be1 Bg5 $1 21. f4 (21.
Rd1 $32) 21... exf4 22. gxf4 (22. Nxf4 $5) 22... Bf6 $17 23. Ra4 Nc5 24. Ra2 (
24. Rb4 Rac8 $17) 24... Re8 25. Bf1 (25. Bf3 $5 Re3 26. Kf2 Rae8 27. Bd2) 25...
Rac8 26. Bf2 (26. Bc3 Bg4 27. Bxf6 Bxe2 28. Bc3 Ne4 29. Bb4 Bxf1 30. Kxf1 Rc4
$36) 26... Be4 27. Nc3 Bxc3 28. bxc3 Bxd5 29. c4 Bc6 30. Ra3 Ne4 31. Be1 (31.
Bh3 $32 Rc7 32. Re1 $17) 31... Re6 $1 32. Bh3 Rg6+ 33. Kf1 Re8 34. Bh4 $2 Nd2+
35. Kf2 Rh6 $19 36. Bg5 Ne4+ 37. Kg1 Nxg5 38. fxg5 Rh5 39. Rg3 Re5 40. Rd1 Rxa5
41. Rxd6 g6 (41... g6 42. Bd7 Bxd7 43. Rxd7 Rhxg5 44. Rxb7 Rxg3+ 45. hxg3 Ra2
46. c3 Ra3 $19) 0-1

[Event "St Petersburg op2"]
[Site "St Petersburg"]
[Date "1994.??.??"]
[Round "8"]
[White "Fedorov, Alexei"]
[Black "Shipov, Sergei"]
[Result "1-0"]
[WhiteElo "2500"]
[BlackElo "2525"]
[Annotator "Shipov,S"]
[PlyCount "87"]
[EventDate "1994.10.??"]
[EventType "swiss"]
[EventRounds "9"]
[EventCountry "RUS"]
[SourceTitle "CBM 043 Extra"]
[Source "ChessBase"]
[SourceDate "1995.01.01"]
[SourceVersion "1"]
[SourceVersionDate "1995.01.01"]
[SourceQuality "1"]

1. e4 c5 2. Nf3 d6 3. d4 cxd4 4. Nxd4 Nf6 5. Nc3 a6 6. f3 e6 7. Be3 b5 8. g4
Bb7 9. Qd2 Nbd7 10. O-O-O Nb6 11. g5 Nfd7 12. Qg2 g6 $1 $146 (12... Rc8 $6 13.
g6 hxg6 14. Nxe6 $1 $16 fxe6 15. Qxg6+ Ke7 16. Bg5+ Nf6 17. e5 $18 {Tiviakov,
S-Ehlvest,J/Podolsk/1993/}) (12... b4 $5 13. Nb1 Ne5 14. Nd2 Qc7 $13 {Ernst,
T-Novikov,I/London/1991/}) 13. h4 b4 14. Nb1 (14. Nce2 Nc4 15. Bf2 e5 $5 16.
Nb3 Qc7 $132) 14... d5 15. h5 Rg8 (15... Bg7 $5) 16. f4 $5 (16. hxg6 hxg6 17.
Qg4 e5 $5 18. Nb3 d4 $36) 16... dxe4 17. Nd2 Qc7 (17... Nc5 $5 18. N4b3 Qc7 19.
Nxc5 Bxc5 20. Bxc5 Qxc5 21. Nxe4 $4 Qe3+) 18. Qf2 $2 (18. Nxe4 $1 O-O-O (18...
Nc5 19. Nf6+) 19. Nb3 $13) 18... Bg7 (18... Rc8 $32 19. Bg2 Nc5 $17) 19. Bg2
Nc5 $2 (19... Rc8 20. Nxe4 $10) 20. Kb1 $2 (20. Nxe6 $3 fxe6 (20... Nd3+ 21.
Kb1 $18) (20... Nxe6 21. Bxb6 $16) 21. Bxc5 Bxb2+ (21... Rc8 22. Bxe4 $1 $16)
22. Kb1 $1 $16) 20... Rc8 $17 21. hxg6 hxg6 22. N2b3 Nca4 $1 {><b2} 23. Bc1 Nc4
24. Rde1 e3 $1 25. Bxe3 $1 Bxg2 26. Qxg2 Naxb2 27. f5 $1 gxf5 28. g6 Na4 29.
Rh7 (29. gxf7+ Kxf7 30. Rh7 Na3+ 31. Kc1 $8 Qe5 $1 $19) 29... Bxd4 $2 (29...
Na3+ 30. Kc1 (30. Ka1 Qc3#) 30... Bxd4 $19) (29... Nc3+ 30. Ka1 Ne4 $19) 30.
Bxd4 $1 (30. gxf7+ Qxf7 $19) (30. Nxd4 Rxg6 $19) 30... Na3+ 31. Ka1 $1 Rxg6 (
31... Nxc2+ 32. Qxc2 $1 Qxc2 33. gxf7+ Kf8 34. fxg8=Q+ Kxg8 35. Rg7+ Kf8 36.
Rh1 $18) 32. Rxe6+ (32. Qxg6 $5 Nxc2+ 33. Kb1 fxg6 34. Rxe6+ Kf8 35. Rh8+ Kf7
36. Rf6+ Kg7 (36... Ke7 37. Rh7+ $10) 37. Rxc8 $8 Qxc8 38. Rc6+ Nxd4 39. Rxc8
$17) 32... Rxe6 33. Qg8+ Kd7 34. Rxf7+ Re7 35. Rxe7+ Kxe7 36. Qg7+ Ke8 37. Qg8+
Kd7 38. Qg7+ $1 (38. Qd5+ Qd6 $19) 38... Kc6 39. Qg2+ Kb5 (39... Kd6 40. Qg6+)
40. Qd5+ Nc5 41. Nxc5 (41. Bxc5 Ka4 $19) 41... Qc6 $2 {(+)} (41... Nxc2+ 42.
Kb2 Qc6 43. Qe5 (43. Qxc6+ Rxc6 44. Kxc2 Rxc5+) 43... Nxd4 44. Nb3+ Kb6 45.
Qxd4+ Kc7 $19) 42. c4+ (42. Qxf5 Qh1+) 42... bxc3 $4 (42... Nxc4 43. a4+ $1
bxa3 44. Qxf5 $132) 43. Qb3+ Ka5 44. Bxc3# 1-0

[Event "Olympiad-32"]
[Site "Yerevan"]
[Date "1996.09.26"]
[Round "10.3"]
[White "Peng, Xiaomin"]
[Black "Akesson, Ralf"]
[Result "1-0"]
[WhiteElo "2490"]
[BlackElo "2500"]
[Annotator "Shipov,S"]
[PlyCount "85"]
[EventDate "1996.09.15"]
[EventType "team-swiss"]
[EventRounds "14"]
[EventCountry "ARM"]
[SourceTitle "CBM 055"]
[Source "ChessBase"]
[SourceDate "1996.12.01"]
[SourceVersion "1"]
[SourceVersionDate "1996.12.01"]
[SourceQuality "1"]
[WhiteTeam "China"]
[BlackTeam "Sweden"]
[WhiteTeamCountry "CHN"]
[BlackTeamCountry "SWE"]

1. e4 c5 2. Nf3 e6 3. d4 cxd4 4. Nxd4 Nf6 5. Nc3 d6 6. g3 a6 7. Bg2 Be7 8. O-O
Qc7 9. Be3 Nc6 (9... O-O 10. g4 $1 $36) 10. Nxc6 bxc6 11. Na4 Bb7 (11... Rb8
12. c4 c5 13. f4 O-O 14. g4 Bb7 15. Nc3 Nd7 16. g5 (16. b3 $5) 16... f5 $1 17.
Qc2 Nb6 18. b3 fxe4 19. Bxe4 Bxe4 20. Qxe4 Qd7 $10 {Kaidanov,G-Yermolinsky,A/
USA/1994/0,5/44/}) 12. Bb6 $5 (12. c4 c5 13. Nc3 Nd7 (13... e5 $2 14. f4 exf4
15. gxf4 Qd7 16. Kh1 $16 {Kasparov,G-Hvarre,K/Internet/1995/0,5/43/}) 14. f4
Bf6 15. Qd2 Rd8 $1 16. g4 h6 17. Ne2 Bc6 18. Ng3 Bh4 $13 {Kudrin,S-Velikov,P/
Belgrade/1988/0,5/23/}) 12... Qb8 13. e5 $1 dxe5 14. Bc5 $1 {>< Bb7/} Qc7 (
14... Bxc5 15. Nxc5 O-O 16. Qe2 Rd8 17. Rfd1 Qc7 18. Nxb7 Qxb7 19. Qxe5 $14)
15. Re1 Qa5 (15... Bxc5 16. Nxc5 O-O 17. Qe2 $14) 16. Bxe7 Kxe7 17. b3 Rhd8 18.
Qc1 Rab8 19. Qg5 h6 20. Qxe5 Qxe5 21. Rxe5 Rd2 22. Rc5 $14 Nd7 23. Rc3 c5 $6 (
23... Kd6 $5 {/\ Kc7,Rd8}) 24. Nxc5 Rc8 25. Rd3 $1 Rxd3 26. Nxd3 Bxg2 27. Kxg2
Rxc2 28. Nb4 Rb2 29. Nxa6 Ne5 30. b4 (30. Nb4 $5 Ng4 $140 31. Nd3 (31. Rf1 $2
Ne3+) 31... Rd2 32. h3 Ne3+ (32... Nf6 33. Nc5 $16) 33. Kf3 Nc2 34. Rc1 Rxd3+
35. Ke2 Nb4 (35... Rc3 36. Kd2) 36. Rc4 $18) 30... Nd3 31. a4 Rxf2+ (31... Nxb4
32. Nxb4 Rxb4 33. a5 Rb7 34. a6 Ra7 35. Kf3 Kd6 36. Ke4 f6 37. Kd4 Kc6 38. Kc4
Kb6 39. Kb4 $1 Rxa6 (39... Rd7 40. a7 $1 Rxa7 41. Rxa7 Kxa7 42. Kc5 $18) 40.
Rxa6+ Kxa6 41. Kc5 $18) 32. Kg1 Rb2 33. b5 e5 34. Nc7 e4 $2 (34... Kd6 35. Ne8+
Kc5 36. Nxg7 e4 $16) 35. a5 Ne5 (35... e3 36. a6 e2 37. a7 Rd2 38. Nd5+ Ke6 39.
Ne3 $18) 36. Ra3 $1 $18 Rb1+ (36... Nf3+ 37. Rxf3 exf3 38. a6 $18) (36... Nc4
37. Ra4) 37. Kf2 Rb2+ 38. Kf1 Kd7 39. a6 Nc4 40. a7 Rb1+ 41. Kg2 Rb2+ 42. Kh3
Nb6 43. Ra6 1-0

[Event "Swidnica op"]
[Site "Swidnica"]
[Date "1996.??.??"]
[Round "?"]
[White "Shulman, Yuri"]
[Black "Malisauskas, Vidmantas"]
[Result "1-0"]
[WhiteElo "2525"]
[BlackElo "2530"]
[Annotator "Shulman,Y"]
[PlyCount "55"]
[EventDate "1996.06.??"]
[EventType "swiss"]
[EventRounds "9"]
[EventCountry "POL"]
[SourceTitle "CBM 056"]
[Source "ChessBase"]
[SourceDate "1997.02.01"]
[SourceVersion "1"]
[SourceVersionDate "1997.02.01"]
[SourceQuality "1"]

1. e4 c5 2. Nf3 d6 3. d4 cxd4 4. Nxd4 Nf6 5. Nc3 e6 6. Be3 a6 7. f3 b5 8. g4
Bb7 9. Qd2 Nc6 10. O-O-O Rc8 11. Kb1 (11. g5 Nd7 12. h4 (12. Qg2)) (11. h4 Ne5
12. g5 Nfd7 13. h5 Nb6 14. Qg2 Nbc4 15. Bf4 Qa5 16. Nb3 Qb4 17. Bxe5 dxe5 $132)
(11. Nxc6 Bxc6 12. Ne2 Be7 (12... e5 13. h4 Nd7 14. Ng3 $36) 13. Nd4 O-O 14.
Bd3 Nd7 15. h4 Ne5 16. g5 Qd7 17. Kb1 Bb7 18. h5 f5 19. gxf6 Bxf6 20. Rdg1 Nc4
$10) 11... Na5 (11... Nd7 12. Nxc6 Bxc6 13. Bd3 Ne5 14. Qf2 Be7 15. h4 Qc7 16.
Bb6 Qb7 17. Bd4 O-O 18. Ne2 {1/2-1/2 Malaniuk,V-Shneider,A/Lvov Int ;EXT 86
1986}) 12. h4 Nd7 13. g5 (13. Bg5 $5 Qc7 14. h5 Nc4 (14... Ne5 15. h6) (14...
h6 15. Bh4 Ne5 16. g5 Nac4 (16... Nec4 17. Qe1 b4 18. Na4 e5 19. Nf5 Na3+ 20.
bxa3 Qxc2+ 21. Ka1 b3 22. Qd2) (16... Nac6 17. Nxc6 (17. Nce2 Nxd4 18. Nxd4
Nxf3 19. Nxf3 Bxe4 20. Bg2 Qxc2+ (20... Qb7 21. Ne1) (20... Bxc2+ 21. Ka1 Bxd1
22. Rxd1 hxg5) 21. Ka1) 17... Qxc6 18. Bg2 Nc4 19. Qe1 b4 20. Ne2 Ne3) 17. Qe1
Na3+ $10 (17... Qa5 18. g6 Nxf3 19. gxf7+ Kd7 20. Nxf3)) 15. Bxc4 Qxc4 16. Rhe1
h6 17. Bh4 $14) 13... b4 $6 (13... Ne5 14. Qg2 (14. Qe1 b4 (14... Nac4 15. Bc1
Qc7 (15... Qa5 16. Bd3 (16. f4 b4 17. Nd5 (17. Nce2 Bxe4 18. Rh3 Ng4 19. Ng3
Bd5 20. Nb3 Qb5 21. Be2 $16) 17... exd5 18. fxe5 dxe4 (18... dxe5 19. exd5 Bxd5
20. Nb3 Qb5)) 16... b4 17. Nce2 d5) 16. f4 $16) 15. Nce2 Nec4 (15... Nac4 16.
Bc1)) 14... Nec4 15. Bc1 Na3+ 16. Ka1 b4 17. Na4 $14) 14. Na4 Qc7 15. h5 (15.
Bd3 e5 (15... Nc4 16. Bxc4 Qxc4 17. h5 $36) 16. Nf5 Bc6 17. Qxb4 d5) (15. Qxb4
e5 16. Bh3 exd4 17. Qxd4 Qxc2+ 18. Ka1 Nc4 19. Bxd7+ Kxd7 20. Nb6+ Nxb6 21.
Qxb6 Qc6 $19) (15. b3 $5 Nc5 16. Nb2 Bxe4 (16... e5 17. Nf5 Nxe4 18. fxe4 Bxe4
19. Bd3 $18) 17. fxe4 Nxe4 18. Qe1 Nc3+ 19. Ka1 Nxd1 20. Qxd1 $16) 15... Nc4 (
15... Nc5 16. Qxb4 e5 17. Nxc5 exd4 (17... dxc5 18. Qa4+) 18. Bd2 Qxc5 19. Qxc5
Rxc5 20. b4 $18) (15... e5 $5 16. Nf5 Bc6 17. Qxb4 d5 (17... Rb8 18. Nxd6+ (18.
Qa3 $18) 18... Bxd6 19. Qxd6 Qxd6 20. Rxd6 Bxa4 21. Rxa6 $18) 18. Nxg7+ $1 (18.
Nc5 d4) 18... Bxg7 (18... Kd8 19. Nc5 {/\ Ne6} Bxg7 20. Nxa6 $18) 19. exd5 Bxd5
(19... Bb5 20. Bxb5 axb5 21. Nc3 $16) (19... Bxa4 20. Qxa4 O-O 21. h6 Bh8 22.
Bd3 $18) 20. Bh3 $1 $40 Be6 21. Bxe6 fxe6 22. Rxd7 $1 $18) (15... d5 16. exd5
Bxd5 17. Bxa6 Ra8 18. Bb5 Nc4 19. Qe2 Nxe3 20. Qxe3 Be7 21. g6 O-O 22. h6 $16)
16. Bxc4 Qxc4 17. g6 hxg6 18. hxg6 Rxh1 19. Rxh1 (19. gxf7+ Kxf7 20. Rxh1 Be7
21. Qh2 Nf8 $13) 19... e5 (19... Be7 20. b3 Qc7 21. Qxb4 d5 22. Rh8+ Nf8 23.
Qb6 dxe4 24. gxf7+ Kxf7 25. Rxf8+ $1 $18) 20. b3 (20. Nf5 fxg6 21. Nxd6+ Bxd6
22. Qxd6 Qxc2+ 23. Ka1 Qc6 (23... Qxa4)) 20... Qc7 21. gxf7+ Kxf7 22. Nf5 Nf6
$6 (22... Bc6 $5 23. Rh8 $5 (23. Qh2 Nf6 $13) (23. Rg1 $1 Bxa4 (23... Nf6 24.
Nb6 Rb8 25. Nc4 (25. Nd5 Bxd5 26. exd5 Rb5 (26... Qd7) 27. Qg2) 25... d5 26.
Nxe5+ Qxe5 27. Bf4 Qe8 28. Qh2 (28. Rxg7+ $6 Bxg7 29. Nd6+ Kg8 30. Nxe8 Rxe8
$17) (28. e5 Nh5) 28... Rc8 29. Qh8 $16 dxe4 30. Rxg7+ Bxg7 31. Qxg7+ Ke6 32.
Nd4+ Kd5 33. Qg5+ Kxd4 34. Be3+ Kc3 35. Qc5#) 24. Qd5+ Ke8 25. Qe6+ Kd8 26.
Bg5+ Nf6 27. Bxf6+ gxf6 28. Qxf6+ (28. c4 bxc3 (28... Qd7 29. Qxf6+ Kc7 30.
bxa4 Kb8 $10) 29. Qxf6+ (29. Rg8) 29... Be7 30. Rg8+ Be8 31. Qf7 Qd7 32. Ng7 (
32. Kc2 $5) 32... c2+ 33. Kc1 Bg5+) 28... Ke8 (28... Be7 29. Qxe7+ Qxe7 30.
Nxe7 Kxe7 31. bxa4 Rc3 $14 {=}) 29. c4 (29. Qe6+ Kd8 30. c4) 29... Qf7 30.
Nxd6+ Bxd6 31. Qxd6 $16) 23... Bxa4 24. Qd5+ Kf6 25. Nd4 $1 Re8 (25... Nc5 26.
Bf2 (26. bxa4) 26... g5 27. f4 $40 gxf4 28. Bh4+ Kg6 29. Nf5 $18) 26. Rh5 Ke7 (
26... g6 27. Qg8) 27. Bg5+ Nf6 28. Bxf6+ Kxf6 29. Rf5+ Kg6 30. Qg8 $1 exd4 31.
Qh8 $1 $18) 23. Nb6 Rd8 (23... Nxe4 24. fxe4 Qxc2+ (24... Bxe4 25. Nxd6+ (25.
Nxc8) 25... Bxd6 26. Nxc8) 25. Qxc2 Rxc2 26. Nxd6+ $1 Bxd6 27. Rf1+) 24. Nc4
Rd7 (24... d5 25. Bb6 dxc4 26. Qxd8) 25. Qh2 $1 (25. Bb6 Qb8) 25... Ke8 (25...
a5 26. Bg5 $16) 26. Qh8 Kf7 (26... d5 27. Bb6 (27. Nxe5 Qxe5 28. Bc5 Kd8 (28...
Rf7 29. Nd6+) 29. Qxf8+ (29. Bxf8 Kc7 30. Bxg7 dxe4 31. Bxf6 Qxf5) 29... Kc7
30. Bxb4 (30. Nxg7 dxe4 31. Qxf6)) 27... Qc6 (27... Qb8 28. Bc5 Kf7 29. Nxe5+)
28. Nxe5 Qxb6 29. Qxf8+ $1 Kxf8 30. Rh8+ Ng8 31. Nxd7+ $18) 27. Rg1 Qd8 28.
Nxg7 1-0